00533nam a2200181Ia 4500020001900000082001900019245003500038260003200073300001500105504001900120650002600139650004600165650002900211650003900240650002800279700002100307700002300328 a0-04-497006-4- a305.40973 WOM; 0aWomen and symbolic interaction aLondonbAllen & Unwinc1987 axii, 458p. aIncludes index aWomen - United States aWomen - Social conditions - United States aFeminism - United States aSocial interaction - United States aSymbolic interactionism aDeegan, Mary Jo  aHill, Michael .R.